1986 1242 1946 1817 1775 1572 1367 1437 1595 1168 1913 1636 1600 1553 1702 1652 1770 1095 1368 1048 1179 1259 1419 1096 1670 1696 1446 1893 1958 1771 1722 1348 1316 1207 1356 1827 1875 1081 1782 1307 1443 1033 1335 1936 1373 1953 1128 1587 1745 1129 1049 1636 1041 1219 1896 1274 1530 1227 1234 1157 1870 1703 1411 1442 1084 1255 1527 1058 1609 1392 1804 1842 1976 1198 1233 1818 1466 1099 1810 1032 1112 1027 1179 1208 1363 1291 1267 1501 1203 1453 1055 1538 1790 1398 1179 1492 1718 1932 1605 BCNSPRNW ULIB Ver.6.0+V

เปลี่ยนเป็นภาษาไทย

Change to English
 แสดงรายละเอียดบรรณานุกรม
  กลับหน้าหลัก

Brief Record : Get Marc (ISO 2709) : E-mail record : QR code < ปิดหน้าต่าง
LEADER : 00000nam 2200000uu 4500
001    13399110131
003     ULIB
008    110422s2550||||th 000 0 tha d
020    9789748499796
060 04 WJ300^bท187U 2550
245 00 Update on chronic kidney disease prevention :^bstrategiesand practical points /^cบรรณาธิการ, ทวี ศิริวงศ์
260    [กรุงเทพฯ] :^bสมาคมโรคไตแห่งประเทศไทย,^c2550
300    168 หน้า :^bภาพประกอบ ;^c30 ซม.
650  7 ไต, โรค
650  7 ไต, โรค^xการป้องกันและควบคุม
700 0  ทวี ศิริวงศ์,^eบรรณาธิการ
710 2  สมาคมโรคไตแห่งประเทศไทย
945    ^p0^l0^i023577
995    ทศพร
999 ^a ใช้งานได้ทุกระบบ
รายการนี้ยังไม่มีแท็ก
คุณยังไม่ได้ล็อกอิน คุณสามารถมีกิจกรรมร่วมกับเว็บไซต์ได้ แต่ต้องล็อกอินก่อน ::
  ล็อกอิน

รายการสื่อสารสนเทศ

ลำดับที่ ประเภท เลขเรียก/บาร์โค้ด สถานที่ สถานะ
- ไม่พบข้อมูล -

รายการใกล้เคียง
    หัวเรื่อง [ไต, โรค]

BibComment


ยังไม่เคยถูกคอมเมนท์

คอมเมนท์ทรัพยากรรายการนี้
  คอมเมนท์: Update on chronic..


 Copyright 2026. Bcnsprnw @Library